| 000 | 01215nam a2200277Ia 4500 | ||
|---|---|---|---|
| 003 | OSt | ||
| 005 | 20221005111735.0 | ||
| 006 | a|||||r|||| 00| 0 | ||
| 007 | ta | ||
| 008 | 221004b |||||||| |||| 00| 0 hin d | ||
| 020 |
_a9788181113726 (hbk) _cIndian Rupees 1000 |
||
| 024 | _a38967 | ||
| 037 |
_bGift, 30/08/2018, _cTextual |
||
| 040 |
_aCRL _cCRL _bhin |
||
| 041 |
_2hin _ahin |
||
| 082 | _aO152,6M83:g, Q7 | ||
| 100 | _aनम्रता देवी, ले. | ||
| 245 | 0 |
_aआचार्य रामचन्द्र शुक्ल और हजारीप्रसाद द्विवेदी का आलोचना कर्म _b तुलनात्मक अध्ययन |
|
| 246 | _aĀchārya rāmachandra shukla aur hajārīprasād dvivedī kā ālochanā karma: tulanātmak adhyayana | ||
| 260 |
_aमथुरा _bजवाहर पुस्तकालय भारत _c2017 |
||
| 300 |
_a382पृ0 _ccm. |
||
| 650 | _a हिन्दी साहित्य | ||
| 650 | _aहिन्दी निबंध | ||
| 942 |
_hO152,6M83:g, Q7 _cTEXL _2cc |
||
| 999 |
_c1022752 _d1022752 |
||